<?xml version="1.0" encoding="UTF-8"?><?xml-stylesheet type="text/xsl" href="static/style.xsl"?><OAI-PMH xmlns="http://www.openarchives.org/OAI/2.0/" xmlns:xsi="http://www.w3.org/2001/XMLSchema-instance" xsi:schemaLocation="http://www.openarchives.org/OAI/2.0/ http://www.openarchives.org/OAI/2.0/OAI-PMH.xsd"><responseDate>2026-04-13T07:21:31Z</responseDate><request verb="GetRecord" identifier="oai:www.recercat.cat:10256/18775" metadataPrefix="marc">https://recercat.cat/oai/request</request><GetRecord><record><header><identifier>oai:recercat.cat:10256/18775</identifier><datestamp>2024-06-18T12:12:14Z</datestamp><setSpec>com_2072_452955</setSpec><setSpec>com_2072_2054</setSpec><setSpec>col_2072_452961</setSpec></header><metadata><record xmlns="http://www.loc.gov/MARC21/slim" xmlns:dcterms="http://purl.org/dc/terms/" xmlns:xsi="http://www.w3.org/2001/XMLSchema-instance" xmlns:doc="http://www.lyncode.com/xoai" xsi:schemaLocation="http://www.loc.gov/MARC21/slim http://www.loc.gov/standards/marcxml/schema/MARC21slim.xsd">
   <leader>00925njm 22002777a 4500</leader>
   <datafield ind2=" " ind1=" " tag="042">
      <subfield code="a">dc</subfield>
   </datafield>
   <datafield ind2=" " ind1=" " tag="720">
      <subfield code="a">López Ros, Víctor</subfield>
      <subfield code="e">author</subfield>
   </datafield>
   <datafield ind2=" " ind1=" " tag="260">
      <subfield code="c">1991</subfield>
   </datafield>
   <datafield ind2=" " ind1=" " tag="520">
      <subfield code="a">La relació de les funcions nervioses amb les teories de l'aprenentatge esportiu ja fa temps que s'han establert. La coordinació és una qualitat jòquer i a la vegada desconeguda. La seva vinculació directa amb funcions d'execució i control de la resposta motriu fa suposar una utilitat possible i important en la millora de recursos tàctics a nivell individual, pel que fa als esports col·lectius. La causa d'això és, bàsicament, la necessitat de desterrar dels jugadors accions automatitzades i intentar establir entre ells "conductes modelables", és a dir, un "substrat motriu" que sigui la base de les activitats motrius que requereix l'èxit en l'esport en qüestió. Possiblement la clau es troba en el fet que l'esportista sigui capaç d'identificar en tot moment la informació necessària per resoldre els problemes perceptivo-motrius que se li puguin presentar en les activitats que realitzi. A continuació presentem un treball realitzat amb un equip d'elit d'handbol juvenil espanyol al qual es van aplicar diferents estratègies d'entrenament amb la finalitat de veure quina d'elles resultava més rendible</subfield>
   </datafield>
   <datafield ind1="8" ind2=" " tag="024">
      <subfield code="a">http://hdl.handle.net/10256/18775</subfield>
   </datafield>
   <datafield tag="653" ind2=" " ind1=" ">
      <subfield code="a">Handbol</subfield>
   </datafield>
   <datafield tag="653" ind2=" " ind1=" ">
      <subfield code="a">Handball</subfield>
   </datafield>
   <datafield ind2="0" ind1="0" tag="245">
      <subfield code="a">Treball de coordinació per millorar la situació "1x1" en handbol</subfield>
   </datafield>
</record></metadata></record></GetRecord></OAI-PMH>